El Paseo de Gracia / fotografias: Xavier Miserachs ; textos: Xavier Bru de Sala ...[et al.] ; disseny gràfic: Enric Satué Xavier Miserachs ; textos:
ISBN:
84-930246-0-0
Descripción Física:
147 p. ; fot. ; 33 cm
MARC
| LEADER | 00000nam a2200000Ia 4500 | ||
|---|---|---|---|
| 001 | 17113 | ||
| 008 | 160829s1998 xx 000 0 cat d | ||
| 020 | |a 84-930246-0-0 | ||
| 080 | |a FOL-2-79 | ||
| 245 | |a El Paseo de Gracia / fotografias: |b Xavier Miserachs ; textos: |b Xavier Bru de Sala ...[et al.] ; disseny gràfic: |b Enric Satué | ||
| 260 | |a Barcelona : |b Main, |c 1998 | ||
| 300 | |a 147 p. ; |c fot. ; |c 33 cm | ||
| 650 | |a Fotografies |x Barcelona |9 22486 | ||
| 651 | 0 | |a Passeig de Gràcia (Barcelona, Catalunya) |9 54325 | |
| 700 | |a Miserachs, Xavier, |d 1937-1998 |e fotografies |9 36392 | ||
| 700 | |a Bru de Sala, Xavier |d 1952- |9 22488 | ||
| 700 | |a Satué, Enric |9 22489 | ||
| 901 | |a Arxiu | ||
| 942 | |n 1 |2 udc | ||
| 952 | |0 0 |1 0 |4 0 |6 FOL279 |7 1 |9 42237 |a Arxiu |b Arxiu |d 2016-12-01 |l 0 |o FOL-2-79 |p 17113 |r 2016-12-01 00:00:00 |w 2016-12-01 |y ARXIU | ||
| 999 | |c 44684 |d 44684 | ||